000 003970000a22001570004500
001 002461
003 MACL
040 _aMACL
090 _c14454
_d14453
100 _aBornstein, David
245 _aHow to Change the World
_bSocial Enterpreneurs and the Power of New Ideas
_cDavid Bornstein
260 _aPenguin Books,
_c2005
350 _a395
650 _aGeneral collection
942 _k80
_cBook
999 _c14373
_d14373